00913nam a22002417a 450000500170000001000150001702000260003203500130005803700130007108200210008410000230010524500790012826000390020727000790024630000220032550000410034765000290038865000320041765000320044994200310048199900170051295201420052920131205151452.0 aENG-108781 a9788132113096c625.00 aEN-92314 bDBAD/PUB00a307.768095422231 aVasudevan, Vandana10aUrban villager :blife in an Indian satellite town /cby Vandana Vasudevan aNew DelhibSAGE Publicationsc2013 aB1/I-1, Mohan Cooperative Industrial Area, Mathura RoadbNew Delhie110044 ax,278p.c23cm(Hb) aIncludes bibliographical references. 0aNew townszIndiazNoida. 0aUrbanizationzIndiazNoida. 0aCountry lifezIndiazNoida. 2ddccENh307.76809542mVAS c81044d81044 001040718NFICaDBADbDBADd2013-12-05eDBAD/PUBg625.00l0o307.76809542 VASpEN-92314r2013-12-05 00:00:00t1v625.00w2013-12-05yEN